000
00425nam a2200133Ia 4500
008
100328s9999 xx 000 0 und d
082
_b
58897
100
_a
आशू रावजी आणि कानडे दिनू.
245
_a
प्रतिघात.
260
_b
डॉल्फिन लायब्ररी.
630
_a
प्रतिघात.
730
_a
प्रतिघात.
942
_c
BOOK
999
_c
545168
_d
545165